Historia de Rusia en el siglo XX / (Record no. 175721)

MARC details
000 -LEADER
campo de control de longitud fija 00866nam a22002655i 4500
001 - NÚMERO DE CONTROL
campo de control 175721
003 - IDENTIFICADOR DE NÚMERO DE CONTROL
campo de control ES-MaACL
005 - FECHA Y HORA DE LA ÚLTIMA TRANSACCIÓN
campo de control 20230906215914.0
008 - DATOS DE LONGITUD FIJA--INFORMACIÓN GENERAL
campo de control de longitud fija 101118s2000 sp ab |||| | spa d
020 ## - NÚMERO INTERNACIONAL ESTÁNDAR DEL LIBRO
Número Internacional Estándar del Libro 84-8432-131-2
080 ## - NÚMERO DE LA CLASIFICACIÓN DECIMAL UNIVERSAL
Número de la Clasificación Decimal Universal 94(47)"19"
100 0# - ENTRADA PRINCIPAL--NOMBRE DE PERSONA
Nombre de persona Service, Robert.
9 (RLIN) 144003
245 10 - MENCIÓN DEL TÍTULO
Título Historia de Rusia en el siglo XX /
Mención de responsabilidad, etc. Robert Service ; [traducción castellana de Carles Mercadal].
260 ## - PUBLICACIÓN, DISTRIBUCIÓN, ETC.
Lugar de publicación, distribución, etc. Barcelona :
Nombre del editor, distribuidor, etc. Crítica,
Fecha de publicación, distribución, etc. imp. 2000.
300 ## - DESCRIPCIÓN FÍSICA
Extensión 590 p. :
Otras características físicas il. bl. y n. ;
Dimensiones 24 cm.
490 1# - MENCIÓN DE SERIE
Mención de serie Memoria crítica
500 ## - NOTA GENERAL
Nota general Índices.
504 ## - NOTA DE BIBLIOGRAFÍA, ETC.
Nota de bibliografía, etc. Bibliografía: p. 537-552.
594 ## - Nota al título y mención de responsabilidad
Nota al título y mención de responsabilidad Tít. original: A history of Twentieth-Century Russia.
651 #4 - PUNTO DE ACCESO ADICIONAL DE MATERIA--NOMBRE GEOGRÁFICO
Nombre geográfico Rusia-
Subdivisión general Historia-
Subdivisión cronológica S-XX.
9 (RLIN) 144005
700 1# - ENTRADA AGREGADA--NOMBRE PERSONAL
Nombre de persona Mercadal, Carles.
9 (RLIN) 144004
830 0# - PUNTO DE ACCESO ADICIONAL DE SERIE-TÍTULO UNIFORME
Título uniforme Memoria crítica
9 (RLIN) 122959
852 ## - LOCALIZACIÓN
Ubicación ES-MaACL
Número de control de estantería E-13570
Holdings
Estatus retirado Estado de pérdida Estado de daño No para préstamo Biblioteca de origen Biblioteca actual Ubicación en estantería Fecha de adquisición Fuente de adquisición Total de préstamos Signatura topográfica completa Código de barras Visto por última vez Precio de reemplazo Tipo de ítem Koha
        Biblioteca del Ateneo de Madrid Biblioteca del Ateneo de Madrid Depósito 2 18/11/2010     E-13570 1184525 23/02/2023 23/02/2023 Libro impreso